[Event "AUS-ch"]
[Site "Parramatta"]
[Date "2008.01.04"]
[Round "4"]
[White "Charles, Gareth"]
[Black "Morris, James"]
[Result "1-0"]
[WhiteElo "2180"]
[BlackElo "2096"]
[PlyCount "131"]
[EventDate "2008.01.02"]
[EventType "swiss"]
[EventRounds "11"]
[EventCountry "AUS"]
[SourceTitle "CBM 122 Extra"]
[Source "ChessBase"]
[SourceDate "2008.03.04"]
[SourceVersion "1"]
[SourceVersionDate "2008.03.04"]
[SourceQuality "1"]

1. d4 Nf6 2. Nf3 c5 3. c3 d5 4. Bg5 Ne4 5. Bf4 Nc6 6. Nbd2 Bf5 7. e3 e6 8. Be2 Qb6 9. Qb3 c4 10. Qxb6 axb6 11. a3 Be7 12. Nxe4 Bxe4 13. 0-0 h6 14. Nd2 Bh7 15. e4 g5 16. Bg3 f5 17. exd5 exd5 18. f4 g4 19. Rfe1 0-0-0 20. h3 h5 21. h4 Bf6 22. Bf2 Rhe8 23. Bf1 b5 24. g3 Bg8 25. Bg2 Kd7 26. Nf1 Kd6 27. Ne3 Be6 28. Re2 Ra8 29. Rae1 Re7 30. Rd2 Rae8 31. Bf1 Bc8 32. Bg2 Be6 33. Red1 Nb8 34. Re2 Bd7 35. Kf1 Be6 36. Ke1 Nc6 37. Kd2 Na5 38. Rde1 Nb3+ 39. Kd1 Na5 40. Kc2 Nb3 41. Rd1 Bd7 42. Ree1 Be6 43. Kb1 b6 44. Re2 b4 45. cxb4 b5 46. Nc2 Bf7 47. Rxe7 Rxe7 48. Ne3 Nxd4 49. Rxd4 Bxd4 50. Nxf5+ Kd7 51. Nxd4 Bg6+ 52. Kc1 Be4 53. Bf1 Bf3 54. Kd2 Re4 55. Nxb5 Kc6 56. Nd4+ Kd6 57. b5 Re8 58. f5 Be4 59. Kc3 Ke5 60. a4 Bxf5 61. a5 Bc8 62. Bg2 Kd6 63. b3 Rf8 64. Be3 Re8 65. Bf4+ Kc5 66. b4# 1-0

[Event "AUS-ch"]
[Site "Parramatta"]
[Date "2008.01.04"]
[Round "5"]
[White "Illingworth, Max"]
[Black "Charles, Gareth"]
[Result "1-0"]
[WhiteElo "2152"]
[BlackElo "2180"]
[PlyCount "125"]
[EventDate "2008.01.02"]
[EventType "swiss"]
[EventRounds "11"]
[EventCountry "AUS"]
[SourceTitle "CBM 122 Extra"]
[Source "ChessBase"]
[SourceDate "2008.03.04"]
[SourceVersion "1"]
[SourceVersionDate "2008.03.04"]
[SourceQuality "1"]

1. d4 Nf6 2. c4 c5 3. d5 e5 4. Nc3 d6 5. e4 Be7 6. g3 0-0 7. Bg2 Nbd7 8. Nge2 Ne8 9. 0-0 g6 10. Bh6 Ng7 11. Qd2 f5 12. h3 Nf6 13. Kh2 fxe4 14. Nxe4 Nxe4 15. Bxe4 Bf5 16. Nc3 Qd7 17. Bg2 Qc7 18. Ne4 Rf7 19. Ng5 Bxg5 20. Bxg5 Bd7 21. f4 exf4 22. Rxf4 Rxf4 23. Bxf4 Re8 24. Re1 b5 25. cxb5 Bxb5 26. g4 Rxe1 27. Qxe1 Ne8 28. Bd2 Qf7 29. Bc3 Nc7 30. Qg3 Nxd5 31. Qxd6 Qf4+ 32. Qxf4 Nxf4 33. Be4 Bf1 34. Bd2 Bd3 35. Bb7 Ne2 36. Kg2 c4 37. Kf3 Nd4+ 38. Kf4 Ne6+ 39. Ke5 Nc5 40. Bd5+ Kg7 41. Kd4 Na4 42. b3 Nb6 43. bxc4 Bf1 44. Bf3 Bxc4 45. a3 Be6 46. h4 h6 47. Bf4 Nd7 48. a4 Nf6 49. g5 hxg5 50. hxg5 Nd7 51. a5 Kf8 52. Bd6+ Ke8 53. Be4 Bf7 54. Bd5 Bxd5 55. Kxd5 Kf7 56. Kc6 Ke6 57. Kc7 a6 58. Kc6 Ne5+ 59. Bxe5 Kxe5 60. Kb6 Kd6 61. Kxa6 Kc6 62. Ka7 Kc7 63. a6 1-0

[Event "Doeberl Cup 44th"]
[Site "Canberra"]
[Date "2006.04.14"]
[Round "2"]
[White "Stevens, Tristan"]
[Black "Charles, Gareth"]
[Result "0-1"]
[WhiteElo "1855"]
[BlackElo "2196"]
[PlyCount "180"]
[EventDate "2006.04.14"]
[EventType "swiss"]
[EventRounds "7"]
[EventCountry "AUS"]
[SourceTitle "CBM 111 Extra"]
[Source "ChessBase"]
[SourceDate "2006.05.09"]
[SourceVersion "1"]
[SourceVersionDate "2006.05.09"]
[SourceQuality "1"]

1. e4 c5 2. d4 cxd4 3. c3 dxc3 4. Nxc3 Nc6 5. Nf3 d6 6. Bc4 a6 7. Bf4 Nf6 8. 0-0 Bg4 9. Qb3 e6 10. Qxb7 Na5 11. Qb4 e5 12. Rad1 exf4 13. e5 d5 14. Bb5+ axb5 15. Qxf4 Be6 16. exf6 Qxf6 17. Qxf6 gxf6 18. Nxd5 0-0-0 19. Rc1+ Kb8 20. Nxf6 Bg7 21. Ne4 Bc4 22. Rfe1 Bxb2 23. Rb1 Bg7 24. a4 Bd3 25. Rb4 Bf8 26. Rb2 Ba3 27. Ra2 Bb4 28. Ned2 Nc4 29. Rc1 Nxd2 30. Nxd2 Rc8 31. Re1 Rhe8 32. Rxe8 Rxe8 33. Nf3 Bc4 34. Rc2 Bb3 35. Rc6 Bxa4 36. h4 Re6 37. Nd4 Re1+ 38. Kh2 Re4 39. Nxb5 Bxb5 40. Rb6+ Kc7 41. Rxb5 Rxh4+ 42. Kg3 Rd4 43. Rh5 Bd6+ 44. Kh3 Rf4 45. f3 Kd7 46. Rxh7 Ke6 47. Rh8 Rf6 48. Re8+ Kf5 49. g3 Rg6 50. f4 Rh6+ 51. Kg2 Re6 52. Ra8 Re3 53. Ra5+ Ke6 54. Ra6 Ra3 55. Rb6 Rd3 56. Rb5 Rd5 57. Rb3 Bc5 58. Rb2 Kf5 59. Kh3 Rd3 60. Rb5 Rc3 61. Rb7 f6 62. Rb5 Ke4 63. Kg4 f5+ 64. Kh5 Bd6 65. Kh4 Rc8 66. Kh3 Rh8+ 67. Kg2 Rb8 68. Ra5 Rb3 69. Ra4+ Rb4 70. Ra5 Rb2+ 71. Kh3 Rb1 72. Kg2 Rd1 73. Ra4+ Kd5 74. Ra3 Rc1 75. Ra4 Bc5 76. Ra5 Ke4 77. Ra4+ Bd4 78. Ra5 Rg1+ 79. Kh2 Rd1 80. Ra3 Be3 81. Kg2 Rd2+ 82. Kh3 Kf3 83. Rb3 Rd8 84. Kh4 Rg8 85. Rb5 Rg4+ 86. Kh5 Kxg3 87. Rb3 Kxf4 88. Rb4+ Kf3 89. Rb1 Rg5+ 90. Kh4 Rg1 0-1